[Event "GER-ch54 V02 email"]
[Site "GER email"]
[Date "2022.05.01"]
[Round "?"]
[White "Achilles, Edgar"]
[Black "Rimpau, Thomas"]
[Result "1/2-1/2"]
[WhiteElo "2256"]
[BlackElo "2076"]
[PlyCount "54"]
[EventDate "2022.05.01"]
[EventType "tourn (corr)"]
[EventRounds "10"]
[EventCountry "GER"]
[SourceTitle "Corr 2024"]
[Source "ChessBase"]
[SourceDate "2023.10.19"]
[SourceVersion "1"]
[SourceVersionDate "2023.10.19"]
[SourceQuality "1"]

1. d4 Nf6 2. c4 e6 3. Nf3 d5 4. Nc3 c6 5. e3 Nbd7 6. Qc2 Bd6 7. Bd3 0-0 8. 0-0 dxc4 9. Bxc4 a6 10. Rd1 b5 11. Bd3 Qc7 12. Bd2 c5 13. Ne4 c4 14. Nxd6 Qxd6 15. Be2 Bb7 16. b3 Bd5 17. Qb2 Rfc8 18. Rac1 a5 19. Be1 cxb3 20. Rxc8+ Rxc8 21. axb3 a4 22. bxa4 bxa4 23. Ra1 Rb8 24. Qc1 Ra8 25. Ne5 Nxe5 26. dxe5 Qxe5 27. Rxa4 Qb8 1/2-1/2

[Event "GER-ch54 V02 email"]
[Site "GER email"]
[Date "2022.05.01"]
[Round "?"]
[White "Rimpau, Thomas"]
[Black "Andersen, Jens"]
[Result "1/2-1/2"]
[WhiteElo "2076"]
[BlackElo "2078"]
[PlyCount "61"]
[EventDate "2022.05.01"]
[EventType "tourn (corr)"]
[EventRounds "10"]
[EventCountry "GER"]
[SourceTitle "Corr 2024"]
[Source "ChessBase"]
[SourceDate "2023.10.19"]
[SourceVersion "1"]
[SourceVersionDate "2023.10.19"]
[SourceQuality "1"]

1. e4 c5 2. Nf3 d6 3. d4 cxd4 4. Nxd4 Nf6 5. f3 e5 6. Nb3 d5 7. Bg5 d4 8. c3 Nc6 9. Bc4 h6 10. Bh4 Qb6 11. Bf2 Bd6 12. Na3 a6 13. 0-0 Qc7 14. Rc1 0-0 15. Bd5 dxc3 16. Rxc3 Bxa3 17. bxa3 Rd8 18. Rd3 Bd7 19. Qa1 Rac8 20. Rc1 Nh5 21. Rd2 Nf4 22. Bh4 g5 23. Bg3 Be6 24. Rcd1 Qe7 25. Qb2 b6 26. Bf2 Bxd5 27. exd5 Nd4 28. Nxd4 exd4 29. Bxd4 Rxd5 30. Qxb6 Rxd4 31. Rxd4 1/2-1/2

[Event "GER-ch54 V02 email"]
[Site "GER email"]
[Date "2022.05.01"]
[Round "?"]
[White "Rimpau, Thomas"]
[Black "Michalek, Christoph"]
[Result "1/2-1/2"]
[WhiteElo "2076"]
[BlackElo "1989"]
[PlyCount "43"]
[EventDate "2022.05.01"]
[EventType "tourn (corr)"]
[EventRounds "10"]
[EventCountry "GER"]
[SourceTitle "Corr 2024"]
[Source "ChessBase"]
[SourceDate "2023.10.19"]
[SourceVersion "1"]
[SourceVersionDate "2023.10.19"]
[SourceQuality "1"]

1. d4 Nf6 2. c4 e6 3. Nf3 d5 4. Nc3 Bb4 5. a3 Bxc3+ 6. bxc3 0-0 7. e3 c5 8. Be2 Nc6 9. 0-0 Na5 10. cxd5 Ne4 11. Bb2 exd5 12. dxc5 Bg4 13. c4 Nxc4 14. Bxc4 dxc4 15. Rc1 Qxd1 16. Rfxd1 Rfd8 17. Rxd8+ Rxd8 18. Nd4 Nxc5 19. Rxc4 Nd3 20. Bc3 Ne5 21. Rc7 Rc8 22. Rxc8+ 1/2-1/2

[Event "GER-ch54 V02 email"]
[Site "GER email"]
[Date "2022.05.01"]
[Round "?"]
[White "Rimpau, Thomas"]
[Black "Tornow, Michael"]
[Result "1/2-1/2"]
[WhiteElo "2076"]
[BlackElo "2129"]
[PlyCount "50"]
[EventDate "2022.05.01"]
[EventType "tourn (corr)"]
[EventRounds "10"]
[EventCountry "GER"]
[SourceTitle "Corr 2024"]
[Source "ChessBase"]
[SourceDate "2023.10.19"]
[SourceVersion "1"]
[SourceVersionDate "2023.10.19"]
[SourceQuality "1"]

1. d4 Nf6 2. c4 e6 3. Nc3 Bb4 4. a3 Bxc3+ 5. bxc3 c5 6. e3 b6 7. Bd3 Bb7 8. f3 Nc6 9. Ne2 0-0 10. e4 Ne8 11. 0-0 Na5 12. dxc5 Ba6 13. Nd4 bxc5 14. Nb5 Bb7 15. a4 d6 16. Na3 Nc6 17. Rb1 Rb8 18. Rf2 Ba8 19. Rxb8 Qxb8 20. Rb2 Qd8 21. Bf1 f6 22. Be3 a6 23. Bxc5 dxc5 24. Qxd8 Nxd8 25. Rb8 Nc6 1/2-1/2

[Event "GER-ch52 V03 email"]
[Site "GER email"]
[Date "2020.04.16"]
[Round "?"]
[White "Fritsche, Frank"]
[Black "Rimpau, Thomas"]
[Result "1/2-1/2"]
[WhiteElo "2392"]
[BlackElo "2355"]
[PlyCount "56"]
[EventDate "2020.??.??"]
[EventType "tourn (corr)"]
[EventRounds "10"]
[EventCountry "GER"]
[SourceTitle "Corr 2022"]
[Source "ChessBase"]
[SourceDate "2021.10.24"]
[SourceVersion "1"]
[SourceVersionDate "2021.10.24"]
[SourceQuality "1"]

1. e4 e5 2. Nf3 Nc6 3. Bc4 Nf6 4. d3 Bc5 5. c3 d6 6. 0-0 0-0 7. h3 a6 8. a4 Ba7 9. Nbd2 Ne7 10. Re1 Ng6 11. d4 c6 12. b4 Re8 13. Bd3 d5 14. Nxe5 Nxe5 15. dxe5 Rxe5 16. Nf3 Re8 17. e5 Ne4 18. Be3 Nxc3 19. Qc2 Ne4 20. Rad1 Qe7 21. Bxa7 Rxa7 22. Bxe4 dxe4 23. Nd2 Ra8 24. Nxe4 Bf5 25. Qc5 Qxc5 26. Nxc5 b6 27. Nb7 Bc2 28. Ra1 Re6 1/2-1/2

[Event "GER-ch52 V03 email"]
[Site "GER email"]
[Date "2020.04.16"]
[Round "?"]
[White "Rimpau, Thomas"]
[Black "Lemke, Burghard"]
[Result "1/2-1/2"]
[WhiteElo "2355"]
[BlackElo "2277"]
[PlyCount "54"]
[EventDate "2020.??.??"]
[EventType "tourn (corr)"]
[EventRounds "10"]
[EventCountry "GER"]
[SourceTitle "Corr 2022"]
[Source "ChessBase"]
[SourceDate "2021.10.24"]
[SourceVersion "1"]
[SourceVersionDate "2021.10.24"]
[SourceQuality "1"]

1. e4 e5 2. Nf3 Nf6 3. Nxe5 d6 4. Nf3 Nxe4 5. d4 d5 6. Bd3 Nc6 7. 0-0 Be7 8. Nbd2 Bf5 9. Re1 Nxd2 10. Qxd2 Bg6 11. c3 0-0 12. b3 Qd7 13. Bxg6 hxg6 14. Qd3 Bd6 15. Bd2 a6 16. g3 Rae8 17. Kg2 Rxe1 18. Rxe1 Re8 19. Rxe8+ Qxe8 20. h4 b5 21. Ng5 Nd8 22. Qf3 c6 23. Qd3 a5 24. Nf3 Ne6 25. Ng5 Nxg5 26. Bxg5 a4 27. Bd2 Kf8 1/2-1/2

[Event "GER MS-286 email"]
[Site "GER email"]
[Date "2018.09.17"]
[Round "?"]
[White "Gronemann, Joern"]
[Black "Rimpau, Thomas"]
[Result "1/2-1/2"]
[WhiteElo "1961"]
[BlackElo "2038"]
[PlyCount "90"]
[EventDate "2018.09.26"]
[EventType "tourn (corr)"]
[EventRounds "6"]
[EventCountry "GER"]
[SourceTitle "Corr 2020"]
[Source "ChessBase"]
[SourceDate "2019.09.30"]
[SourceVersion "1"]
[SourceVersionDate "2019.09.30"]
[SourceQuality "1"]

1. e4 c5 2. Nf3 Nc6 3. d4 cxd4 4. Nxd4 Nf6 5. Nc3 e5 6. Ndb5 d6 7. Bg5 a6 8. Na3 b5 9. Nd5 Be7 10. Bxf6 Bxf6 11. c3 0-0 12. Nc2 Be6 13. a4 Bxd5 14. exd5 Ne7 15. axb5 Qb6 16. Nb4 axb5 17. Rxa8 Rxa8 18. Bd3 g6 19. 0-0 Qc5 20. Qe2 Ra5 21. Rd1 Kg7 22. g3 h5 23. h4 Qb6 24. Kg2 Qc5 25. Qf3 Ra8 26. Rh1 Ra5 27. Be4 Ng8 28. g4 hxg4 29. Qxg4 Bd8 30. h5 Nf6 31. Qf3 Nxh5 32. Rxh5 gxh5 33. Qxh5 Bf6 34. Nc6 Ra8 35. Qh7+ Kf8 36. Qh6+ Bg7 37. Qh4 Re8 38. Qh3 Qc4 39. Kf3 Ra8 40. Qd7 Qf1 41. Qxd6+ Kg8 42. Ne7+ Kh8 43. Qc6 Rd8 44. Qb6 Re8 45. Qc6 Rd8 1/2-1/2

[Event "GER MS-275 email"]
[Site "GER email"]
[Date "2018.01.06"]
[Round "?"]
[White "Mondry, Matthias"]
[Black "Rimpau, Thomas"]
[Result "1/2-1/2"]
[WhiteElo "2049"]
[BlackElo "2027"]
[PlyCount "56"]
[EventDate "2018.01.15"]
[EventType "tourn (corr)"]
[EventRounds "6"]
[EventCountry "GER"]
[SourceTitle "Corr 2020"]
[Source "ChessBase"]
[SourceDate "2019.09.30"]
[SourceVersion "1"]
[SourceVersionDate "2019.09.30"]
[SourceQuality "1"]

1. Nf3 Nf6 2. g3 d5 3. Bg2 c6 4. c4 e6 5. d4 Nbd7 6. 0-0 Be7 7. Nbd2 0-0 8. Qc2 b6 9. e4 dxc4 10. Nxc4 Bb7 11. Ne3 c5 12. d5 exd5 13. exd5 Nxd5 14. Nxd5 Bxd5 15. Rd1 Be6 16. Ne5 Nxe5 17. Rxd8 Raxd8 18. Be4 f5 19. Bb7 Bf6 20. Bd2 Nd3 21. Bc3 Bd4 22. Bxd4 Rxd4 23. Rd1 Rfd8 24. Ba6 Ne5 25. Rxd4 Nf3+ 26. Kf1 Nxd4 27. Qa4 Rd7 28. b4 b5 1/2-1/2

[Event "GER MS-270 email"]
[Site "GER email"]
[Date "2017.09.23"]
[Round "?"]
[White "Rimpau, Thomas"]
[Black "Hebel, Erich"]
[Result "1/2-1/2"]
[WhiteElo "2034"]
[BlackElo "2012"]
[PlyCount "80"]
[EventDate "2017.09.27"]
[EventType "tourn (corr)"]
[EventRounds "6"]
[EventCountry "GER"]
[SourceTitle "Corr 2020"]
[Source "ChessBase"]
[SourceDate "2019.09.30"]
[SourceVersion "1"]
[SourceVersionDate "2019.09.30"]
[SourceQuality "1"]

1. Nf3 d5 2. d4 Nf6 3. c4 e6 4. Nc3 Be7 5. Bf4 0-0 6. e3 c5 7. dxc5 Bxc5 8. cxd5 Nxd5 9. Nxd5 exd5 10. a3 Be6 11. Bd3 Be7 12. 0-0 Nc6 13. b4 Bf6 14. Rc1 a6 15. h3 Qe7 16. Qd2 Rfc8 17. Rc5 a5 18. Rfc1 axb4 19. axb4 Qf8 20. Ng5 Bxg5 21. Bxg5 Ne5 22. Rxc8 Rxc8 23. Rxc8 Qxc8 24. Bf1 Nc4 25. Qc3 f6 26. Bf4 g5 27. Bg3 Kg7 28. h4 h6 29. hxg5 hxg5 30. f3 Qa8 31. Be1 Qa7 32. Kf2 b5 33. g4 Qc7 34. Kg1 Bf7 35. Be2 Qe7 36. Bf2 Bg6 37. Kg2 Be8 38. Bd1 Bg6 39. Bb3 Bh7 40. Kg1 Qe5 1/2-1/2

[Event "GER MS-270 email"]
[Site "GER email"]
[Date "2017.09.23"]
[Round "?"]
[White "Rimpau, Thomas"]
[Black "Wittenberg, Gerd"]
[Result "1/2-1/2"]
[WhiteElo "2034"]
[BlackElo "1920"]
[PlyCount "50"]
[EventDate "2017.09.27"]
[EventType "tourn (corr)"]
[EventRounds "6"]
[EventCountry "GER"]
[SourceTitle "Corr 2020"]
[Source "ChessBase"]
[SourceDate "2019.09.30"]
[SourceVersion "1"]
[SourceVersionDate "2019.09.30"]
[SourceQuality "1"]

1. Nf3 Nc6 2. e4 e5 3. d4 exd4 4. Nxd4 Nf6 5. Nxc6 bxc6 6. e5 Qe7 7. Qe2 Nd5 8. c4 Nb6 9. Nc3 Qe6 10. Qe4 d5 11. exd6 Qxe4+ 12. Nxe4 cxd6 13. Bd2 Be7 14. Be2 f5 15. Nc3 Be6 16. b3 d5 17. cxd5 Nxd5 18. Bc4 Nc7 19. Bxe6 Nxe6 20. 0-0-0 0-0-0 21. Be3 Bf6 22. Ne2 a6 23. Kc2 Rhe8 24. Rxd8+ Rxd8 25. h4 g6 1/2-1/2

[Event "GER MS-257 email"]
[Site "GER email"]
[Date "2017.02.23"]
[Round "?"]
[White "Rimpau, Thomas"]
[Black "Fabig, Holger"]
[Result "1/2-1/2"]
[WhiteElo "2011"]
[BlackElo "2060"]
[PlyCount "86"]
[EventDate "2017.02.27"]
[EventType "tourn (corr)"]
[EventRounds "6"]
[EventCountry "GER"]
[SourceTitle "Corr 2020"]
[Source "ChessBase"]
[SourceDate "2019.09.30"]
[SourceVersion "1"]
[SourceVersionDate "2019.09.30"]
[SourceQuality "1"]

1. d4 f5 2. g3 Nf6 3. Bg2 g6 4. Nf3 Bg7 5. c4 0-0 6. 0-0 d6 7. Nc3 c6 8. Qc2 Na6 9. a3 Qe8 10. b4 e5 11. dxe5 dxe5 12. e4 f4 13. Bb2 Nc7 14. h3 g5 15. Ne2 g4 16. hxg4 Nxg4 17. gxf4 exf4 18. Bxg7 Kxg7 19. Qc3+ Kg8 20. Rad1 Qh5 21. Rfe1 Ne6 22. Rd2 a5 23. c5 h6 24. Ned4 axb4 25. axb4 Nxd4 26. Rxd4 Be6 27. Rd6 Rae8 28. Kf1 Kh7 29. Ke2 Rg8 30. Rh1 Qg6 31. Nh4 Qf7 32. Bf3 Rg5 33. Bxg4 Bxg4+ 34. f3 Be6 35. Nf5 h5 36. Nd4 Bc4+ 37. Kd2 Reg8 38. Nf5 Be6 39. Nd4 Bc4 40. Nf5 Rg2+ 41. Kc1 Rg1+ 42. Rxg1 Rxg1+ 43. Kc2 Rg2+ 1/2-1/2

[Event "GER MS-257 email"]
[Site "GER email"]
[Date "2017.02.23"]
[Round "?"]
[White "Wittenberg, Gerd"]
[Black "Rimpau, Thomas"]
[Result "0-1"]
[WhiteElo "1865"]
[BlackElo "2011"]
[PlyCount "126"]
[EventDate "2017.02.27"]
[EventType "tourn (corr)"]
[EventRounds "6"]
[EventCountry "GER"]
[SourceTitle "Corr 2020"]
[Source "ChessBase"]
[SourceDate "2019.09.30"]
[SourceVersion "1"]
[SourceVersionDate "2019.09.30"]
[SourceQuality "1"]

1. e4 e5 2. Nf3 Nc6 3. d4 exd4 4. Bc4 Nf6 5. e5 d5 6. Bb5 Ne4 7. Nxd4 Bd7 8. Bxc6 bxc6 9. 0-0 Bc5 10. f3 Ng5 11. Be3 Ne6 12. c3 0-0 13. f4 Qe7 14. Nd2 Bb6 15. Nf5 Qd8 16. Qg4 f6 17. Qg3 fxe5 18. fxe5 Qg5 19. Qxg5 Nxg5 20. Bxb6 axb6 21. Ne7+ Kh8 22. h4 Ne6 23. Nb3 Rfd8 24. g3 h6 25. Nd4 c5 26. Ndc6 Re8 27. Rf7 Kh7 28. Raf1 Bxc6 29. Nxc6 Rxa2 30. R1f2 d4 31. cxd4 cxd4 32. Kg2 Ra4 33. b3 Ra1 34. Rf1 Rxf1 35. Rxf1 Nd8 36. Rc1 Nxc6 37. Rxc6 d3 38. Kf2 Rxe5 39. Rxc7 Rd5 40. Ke1 d2+ 41. Kd1 Rd3 42. b4 Rxg3 43. Rb7 Rg4 44. Rxb6 Rxh4 45. Kxd2 h5 46. Rb5 Kh6 47. Rb8 Rf4 48. b5 h4 49. b6 Rb4 50. Rh8+ Kg5 51. Rh7 g6 52. b7 Rb6 53. Kc3 h3 54. Rxh3 Rxb7 55. Kd2 Kg4 56. Rh1 Rb2+ 57. Ke3 Rg2 58. Rh6 g5 59. Rg6 Kh3 60. Ke4 g4 61. Rh6+ Kg3 62. Rg6 Rf2 63. Ke3 Rf7 0-1

[Event "GER MS-247 email"]
[Site "GER email"]
[Date "2016.10.04"]
[Round "?"]
[White "Roeckendorf, Paul Uwe"]
[Black "Rimpau, Thomas"]
[Result "1/2-1/2"]
[WhiteElo "2027"]
[BlackElo "2011"]
[PlyCount "46"]
[EventDate "2016.10.10"]
[EventType "tourn (corr)"]
[EventRounds "6"]
[EventCountry "GER"]
[SourceTitle "Corr 2020"]
[Source "ChessBase"]
[SourceDate "2019.09.30"]
[SourceVersion "1"]
[SourceVersionDate "2019.09.30"]
[SourceQuality "1"]

1. e4 e5 2. Bc4 Nf6 3. d3 Nc6 4. Nf3 Bc5 5. c3 a6 6. Nbd2 Ba7 7. h3 0-0 8. Bb3 d6 9. Nf1 d5 10. Qe2 Be6 11. Bg5 dxe4 12. dxe4 Bxb3 13. axb3 h6 14. Rd1 Qe7 15. Bxf6 Qxf6 16. Ne3 Bxe3 17. Qxe3 Rfd8 18. 0-0 Rd6 19. Rd5 Rad8 20. Rfd1 Ne7 21. Rxd6 Rxd6 22. Rd2 Qe6 23. Qc5 Rxd2 1/2-1/2

[Event "GER MS-247 email"]
[Site "GER email"]
[Date "2016.10.04"]
[Round "?"]
[White "Schwamberger, Jessica"]
[Black "Rimpau, Thomas"]
[Result "1/2-1/2"]
[WhiteElo "2036"]
[BlackElo "2011"]
[PlyCount "127"]
[EventDate "2016.10.10"]
[EventType "tourn (corr)"]
[EventRounds "6"]
[EventCountry "GER"]
[SourceTitle "Corr 2020"]
[Source "ChessBase"]
[SourceDate "2019.09.30"]
[SourceVersion "1"]
[SourceVersionDate "2019.09.30"]
[SourceQuality "1"]

1. e4 e5 2. Nf3 Nf6 3. Nxe5 d6 4. Nf3 Nxe4 5. d4 d5 6. Bd3 Nc6 7. 0-0 Be7 8. c4 Nf6 9. Nc3 0-0 10. Re1 Be6 11. c5 Bg4 12. Be2 Ne4 13. Be3 Bf6 14. h3 Bf5 15. Qb3 Nxc3 16. bxc3 Na5 17. Qb4 b6 18. Bf4 Re8 19. Bf1 Rxe1 20. Rxe1 h6 21. Ba6 Qd7 22. Bb5 c6 23. Be2 Be7 24. Ne5 Qb7 25. c4 dxc4 26. Nxc4 Nxc4 27. Bxc4 b5 28. a4 a6 29. Bd6 Bf8 30. axb5 axb5 31. Bb3 Qd7 32. d5 cxd5 33. Bxd5 Rd8 34. Rd1 Bxd6 35. cxd6 Bc2 36. Rd2 Bf5 37. Qa5 Rc8 38. Rd1 Rb8 39. Qc7 Rc8 40. Qb6 Qe8 41. Qb7 Qd7 42. Qa6 Qe8 43. Qb6 Rb8 44. Qc5 Rc8 45. Qb4 Qd7 46. Re1 Be6 47. Bxe6 fxe6 48. Rd1 Rd8 49. Qd4 Qc6 50. Qe5 Qd7 51. Rd4 Rb8 52. Qe1 b4 53. Rxb4 Qxd6 54. Rxb8+ Qxb8 55. Qxe6+ Kh8 56. Qf5 Qd6 57. Qf3 g6 58. g4 Kg7 59. Qc3+ Kh7 60. Qc4 Kg7 61. h4 Qe7 62. Qd4+ Kh7 63. Qd5 h5 64. g5 1/2-1/2

[Event "GER MS-241 email"]
[Site "GER email"]
[Date "2016.06.13"]
[Round "?"]
[White "Eschert, Uwe"]
[Black "Rimpau, Thomas"]
[Result "1/2-1/2"]
[WhiteElo "2051"]
[BlackElo "1997"]
[PlyCount "39"]
[EventDate "2016.06.20"]
[EventType "tourn (corr)"]
[EventRounds "6"]
[EventCountry "GER"]
[SourceTitle "Corr 2020"]
[Source "ChessBase"]
[SourceDate "2019.09.30"]
[SourceVersion "1"]
[SourceVersionDate "2019.09.30"]
[SourceQuality "1"]

1. e4 e5 2. Nf3 Nc6 3. Bb5 a6 4. Ba4 Nf6 5. 0-0 Be7 6. Re1 b5 7. Bb3 d6 8. c3 0-0 9. h3 Bb7 10. d4 Re8 11. Nbd2 Bf8 12. a3 h6 13. Bc2 Nb8 14. b3 Nbd7 15. Bb2 c6 16. Bd3 Qc7 17. Qc2 Nh5 18. c4 Rac8 19. Bf1 Nhf6 20. Rac1 1/2-1/2

[Event "GER MS-241 email"]
[Site "GER email"]
[Date "2016.06.13"]
[Round "?"]
[White "Lukas, Norbert"]
[Black "Rimpau, Thomas"]
[Result "1/2-1/2"]
[WhiteElo "1945"]
[BlackElo "1997"]
[PlyCount "70"]
[EventDate "2016.06.20"]
[EventType "tourn (corr)"]
[EventRounds "6"]
[EventCountry "GER"]
[SourceTitle "Corr 2020"]
[Source "ChessBase"]
[SourceDate "2019.09.30"]
[SourceVersion "1"]
[SourceVersionDate "2019.09.30"]
[SourceQuality "1"]

1. e4 c5 2. Nf3 Nc6 3. Bb5 d6 4. 0-0 Bd7 5. Re1 Nf6 6. c3 a6 7. Ba4 b5 8. Bc2 Bg4 9. h3 Bxf3 10. Qxf3 e6 11. d3 Be7 12. Bf4 0-0 13. Nd2 a5 14. a4 b4 15. Rac1 Rb8 16. Bh2 Nd7 17. Qe2 e5 18. Bb3 Bg5 19. Rb1 g6 20. Bc4 Nb6 21. Bb5 Na7 22. Ra1 Qc7 23. Reb1 Nd7 24. Bc4 Nb6 25. Nf3 Bf6 26. Ba6 Nc6 27. Bb5 Na7 28. Nd2 Nxb5 29. axb5 Nd7 30. c4 Ra8 31. b3 Nb6 32. Qd1 Kg7 33. Ra2 Ra7 34. Rba1 Rfa8 35. Nf1 Bg5 1/2-1/2

[Event "GER MS-241 email"]
[Site "GER email"]
[Date "2016.06.13"]
[Round "?"]
[White "Rimpau, Thomas"]
[Black "Hebel, Erich"]
[Result "1/2-1/2"]
[WhiteElo "1997"]
[BlackElo "2012"]
[PlyCount "39"]
[EventDate "2016.06.20"]
[EventType "tourn (corr)"]
[EventRounds "6"]
[EventCountry "GER"]
[SourceTitle "Corr 2020"]
[Source "ChessBase"]
[SourceDate "2019.09.30"]
[SourceVersion "1"]
[SourceVersionDate "2019.09.30"]
[SourceQuality "1"]

1. d4 Nf6 2. c4 e6 3. Nf3 b6 4. a3 Bb7 5. Nc3 d5 6. Qc2 dxc4 7. e4 c5 8. dxc5 Bxc5 9. Bxc4 0-0 10. 0-0 Nbd7 11. Bf4 Nh5 12. Bg5 Be7 13. Bxe7 Qxe7 14. Rfd1 Rac8 15. Bf1 f5 16. Qe2 fxe4 17. Nxe4 Nc5 18. Nd6 Bxf3 19. Nxc8 Qg5 20. Ne7+ 1/2-1/2

[Event "GER MS-241 email"]
[Site "GER email"]
[Date "2016.06.13"]
[Round "?"]
[White "Rimpau, Thomas"]
[Black "Reichgeld, Manfred"]
[Result "1-0"]
[WhiteElo "1997"]
[BlackElo "2037"]
[PlyCount "79"]
[EventDate "2016.06.20"]
[EventType "tourn (corr)"]
[EventRounds "6"]
[EventCountry "GER"]
[SourceTitle "Corr 2020"]
[Source "ChessBase"]
[SourceDate "2019.09.30"]
[SourceVersion "1"]
[SourceVersionDate "2019.09.30"]
[SourceQuality "1"]

1. d4 Nf6 2. c4 e6 3. Nc3 Bb4 4. e3 0-0 5. a3 Bxc3+ 6. bxc3 b6 7. Bd3 Bb7 8. f3 Nc6 9. e4 d6 10. Nh3 e5 11. Be3 Na5 12. 0-0 h6 13. Nf2 Qe7 14. Qe2 Rae8 15. Rfe1 Bc8 16. f4 Ba6 17. f5 Kh8 18. Rab1 Rg8 19. Kh1 Rgf8 20. g4 Nh7 21. Rg1 c5 22. dxc5 dxc5 23. g5 Rg8 24. Rg2 g6 25. Ng4 gxf5 26. Nxh6 f4 27. Nxg8 Rxg8 28. Bf2 Qe6 29. Rbg1 Bxc4 30. Qf3 Bxd3 31. Qxd3 Nc4 32. h4 Nf8 33. a4 Kh7 34. Rh2 Rh8 35. Qe2 Kg7 36. Rd1 Ng6 37. h5 Ne7 38. Rg1 a5 39. Bh4 Ne3 40. Qf3 1-0

[Event "GER MS-241 email"]
[Site "GER email"]
[Date "2016.06.13"]
[Round "?"]
[White "Rimpau, Thomas"]
[Black "Zeh, Karl Heinz"]
[Result "1/2-1/2"]
[WhiteElo "1997"]
[BlackElo "1978"]
[PlyCount "65"]
[EventDate "2016.06.20"]
[EventType "tourn (corr)"]
[EventRounds "6"]
[EventCountry "GER"]
[SourceTitle "Corr 2020"]
[Source "ChessBase"]
[SourceDate "2019.09.30"]
[SourceVersion "1"]
[SourceVersionDate "2019.09.30"]
[SourceQuality "1"]

1. d4 d5 2. Nf3 Nf6 3. e3 c6 4. Bd3 Bg4 5. c4 e5 6. dxe5 dxc4 7. Bxc4 Qxd1+ 8. Kxd1 Ne4 9. Ke2 Nd7 10. h3 Nxe5 11. hxg4 Nxc4 12. Nbd2 Nexd2 13. Nxd2 Ne5 14. f3 0-0-0 15. Ne4 Nd3 16. Rd1 Nxc1+ 17. Raxc1 Be7 18. Rxd8+ Kxd8 19. Rh1 Kd7 20. g5 c5 21. b3 b6 22. f4 h5 23. gxh6 Rxh6 24. Rxh6 gxh6 25. g4 Ke6 26. Ng3 Bf8 27. e4 f6 28. Ke3 b5 29. Ne2 a6 30. Nc3 Kd6 31. Kd3 Be7 32. Nd5 Ke6 33. Ke3 1/2-1/2

[Event "GER MS-237 email"]
[Site "GER email"]
[Date "2016.03.12"]
[Round "?"]
[White "Schaffarth, Peter"]
[Black "Rimpau, Thomas"]
[Result "1/2-1/2"]
[WhiteElo "1849"]
[BlackElo "1978"]
[PlyCount "82"]
[EventDate "2016.03.18"]
[EventType "tourn (corr)"]
[EventRounds "6"]
[EventCountry "GER"]
[SourceTitle "Corr 2020"]
[Source "ChessBase"]
[SourceDate "2019.09.30"]
[SourceVersion "1"]
[SourceVersionDate "2019.09.30"]
[SourceQuality "1"]

1. Nf3 Nf6 2. c4 c5 3. Nc3 e6 4. g3 Nc6 5. Bg2 d5 6. cxd5 Nxd5 7. 0-0 Be7 8. d4 0-0 9. Nxd5 exd5 10. dxc5 Bxc5 11. Bg5 f6 12. Bd2 Be6 13. e3 Qd7 14. Bc3 Rac8 15. Rc1 b6 16. Qd2 Rfd8 17. b4 Bd6 18. Rfd1 Ne7 19. Nd4 Bg4 20. f3 Bh3 21. a3 Bxg2 22. Kxg2 Rc4 23. Bb2 a6 24. Qd3 b5 25. Nb3 Rdc8 26. Na5 Rxc1 27. Rxc1 Rxc1 28. Bxc1 Bc7 29. Nb3 Qc6 30. Nc5 Bb6 31. Bd2 a5 32. Qc3 h5 33. Qc2 Kf7 34. h3 axb4 35. axb4 Bxc5 36. bxc5 Qa6 37. Kf2 Qa1 38. Qd3 Qh1 39. Qf1 Qh2+ 40. Qg2 Qxg2+ 41. Kxg2 f5 1/2-1/2

[Event "GER MS-227 email"]
[Site "GER email"]
[Date "2015.09.21"]
[Round "?"]
[White "Reichgeld, Manfred"]
[Black "Rimpau, Thomas"]
[Result "1/2-1/2"]
[WhiteElo "2003"]
[BlackElo "1978"]
[PlyCount "45"]
[EventDate "2015.09.28"]
[EventType "tourn (corr)"]
[EventRounds "6"]
[EventCountry "GER"]
[SourceTitle "Corr 2020"]
[Source "ChessBase"]
[SourceDate "2019.09.30"]
[SourceVersion "1"]
[SourceVersionDate "2019.09.30"]
[SourceQuality "1"]

1. d4 Nf6 2. c4 e6 3. Nf3 b6 4. a3 Bb7 5. Nc3 d5 6. cxd5 Nxd5 7. Bd2 Nd7 8. Nxd5 Bxd5 9. Qc2 c5 10. e4 Bb7 11. dxc5 Bxc5 12. Rd1 Qc8 13. Bc3 0-0 14. b4 Be7 15. Bd3 Rd8 16. Rc1 Qc7 17. 0-0 Rac8 18. Qe2 Qb8 19. Rfd1 h6 20. h3 Bf6 21. Bxf6 Nxf6 22. Qe3 Rxc1 23. Rxc1 1/2-1/2

[Event "GER MS-227 email"]
[Site "GER email"]
[Date "2015.09.21"]
[Round "?"]
[White "Rimpau, Thomas"]
[Black "Lenaif, Sven Peter"]
[Result "1/2-1/2"]
[WhiteElo "1978"]
[BlackElo "2008"]
[PlyCount "59"]
[EventDate "2015.09.28"]
[EventType "tourn (corr)"]
[EventRounds "6"]
[EventCountry "GER"]
[SourceTitle "Corr 2020"]
[Source "ChessBase"]
[SourceDate "2019.09.30"]
[SourceVersion "1"]
[SourceVersionDate "2019.09.30"]
[SourceQuality "1"]

1. d4 d5 2. Nf3 Nf6 3. c4 c6 4. Nc3 e6 5. e3 Nbd7 6. Bd3 dxc4 7. Bxc4 b5 8. Bd3 a6 9. e4 c5 10. e5 cxd4 11. Nxb5 axb5 12. exf6 gxf6 13. 0-0 Qb6 14. Qe2 b4 15. a4 bxa3 16. bxa3 Ba6 17. Bxa6 Qxa6 18. Nxd4 Qxe2 19. Nxe2 Bd6 20. a4 Ra6 21. a5 Ke7 22. Bd2 Ne5 23. Rfb1 Rd8 24. h3 Nc6 25. Ra2 Bc7 26. Ng3 f5 27. Nh5 f6 28. Rb7 Rd7 29. f4 Kf7 30. Bc3 1/2-1/2

[Event "GER MS-212 email"]
[Site "GER email"]
[Date "2015.01.14"]
[Round "?"]
[White "Kuna, Heiko"]
[Black "Rimpau, Thomas"]
[Result "1-0"]
[WhiteElo "1926"]
[BlackElo "2015"]
[PlyCount "95"]
[EventDate "2015.01.23"]
[EventType "tourn (corr)"]
[EventRounds "6"]
[EventCountry "GER"]
[SourceTitle "Corr 2020"]
[Source "ChessBase"]
[SourceDate "2019.09.30"]
[SourceVersion "1"]
[SourceVersionDate "2019.09.30"]
[SourceQuality "1"]

1. e4 e5 2. Nf3 Nc6 3. Bb5 a6 4. Ba4 Nf6 5. 0-0 Be7 6. Re1 b5 7. Bb3 d6 8. c3 0-0 9. h3 Na5 10. Bc2 c5 11. d4 cxd4 12. cxd4 Bb7 13. d5 Rc8 14. b3 Nd7 15. Bd2 Qc7 16. Bd3 Nc5 17. Bf1 f5 18. exf5 e4 19. Nd4 Bf6 20. Bb4 Qf7 21. Nc3 Nd3 22. Bxd3 Bxd4 23. Bxa5 exd3 24. Qxd3 Bxc3 25. Bxc3 Qxd5 26. Qxd5+ Bxd5 27. Bb4 Rxf5 28. Bxd6 Rc2 29. Re8+ Kf7 30. Re7+ Kg8 31. Bg3 Rf7 32. Re8+ Rf8 33. Re3 Bc6 34. a3 Re8 35. Be5 Rd8 36. Rae1 Rd7 37. Rg3 g6 38. Bc3 Rd6 39. h4 Kf7 40. Rge3 Rd7 41. Bb4 Bd5 42. Rd1 Rcc7 43. Rd4 Kg8 44. Rf4 Rc8 45. Rf6 Ra8 46. Rb6 Rc7 47. Rd6 Rcc8 48. Rxd5 1-0